[Event "34 R.G.Nezhmetdinov Cup"]
[Site "Êàçàíü, "]
[Date "2012.10.02"]
[Round "7.11"]
[White "Ponfilenok, Vladimir"]
[Black "Loskutov, Oleg"]
[Result "0-1"]
[WhiteElo "2392"]
[BlackElo "2422"]
[PlyCount "72"]
[EventDate "2012.??.??"]

1. d4 Nf6 2. Nf3 g6 3. g3 Bg7 4. Bg2 O-O 5. O-O d6 6. c4 Nc6 7. Nc3 a6 8. d5
Na5 9. Nd2 c5 10. Qc2 Rb8 11. b3 b5 12. Bb2 e5 13. e4 h5 14. f4 Ng4 15. Nd1
bxc4 16. h3 Nh6 17. Nxc4 Nxc4 18. Qxc4 Bd7 19. Qc1 f5 20. fxe5 dxe5 21. Qxc5
Qg5 22. Rc1 Rbc8 23. Qe3 f4 24. Qd3 Bb5 25. Rc4 fxg3 26. Qe3 Qxe3+ 27. Nxe3
Bxc4 28. Nxc4 Rxf1+ 29. Bxf1 Nf7 30. h4 g5 31. Be2 gxh4 32. Bxh5 Ng5 33. Bg4 h3
34. Bc1 h2+ 35. Kg2 Rf8 36. Bxg5 Rf1 0-1

[Event "34 R.G.Nezhmetdinov Cup"]
[Site "Êàçàíü, "]
[Date "2012.10.02"]
[Round "7.12"]
[White "Timofeev, Artyom"]
[Black "Smirnov, Alexey"]
[Result "1-0"]
[WhiteElo "2640"]
[BlackElo "2420"]
[PlyCount "93"]
[EventDate "2012.??.??"]

1. e4 c5 2. Nf3 d6 3. d4 cxd4 4. Nxd4 Nf6 5. Nc3 a6 6. Be2 e5 7. Nb3 Be7 8. O-O
Be6 9. f4 Qc7 10. Kh1 Nbd7 11. g4 h6 12. g5 hxg5 13. fxg5 Nh7 14. Bg4 O-O-O 15.
Bxe6 fxe6 16. Qg4 Rdf8 17. Be3 Qd8 18. Rxf8 Nhxf8 19. Nd2 Qe8 20. Nf3 Qg6 21.
Rg1 Kc7 22. h4 Qf7 23. Kg2 Ng6 24. Ne2 d5 25. Rf1 Bd6 26. h5 Nf4+ 27. Bxf4 exf4
28. g6 Qf6 29. exd5 exd5 30. Nc3 Nb6 31. Re1 Qd8 32. Qf5 Kb8 33. Nxd5 Rf8 34.
Qe6 Nc4 35. b3 Ne3+ 36. Nxe3 Re8 37. Qd5 fxe3 38. Rd1 Kc7 39. Qc4+ Kb8 40. Qd4
Re6 41. Qxg7 Qc8 42. Rxd6 Qxc2+ 43. Kg3 Rxd6 44. Qe5 Qf2+ 45. Kf4 Kc7 46. g7
Qg2 47. Qg5 1-0

[Event "34 R.G.Nezhmetdinov Cup"]
[Site "Êàçàíü, "]
[Date "2012.10.02"]
[Round "7.13"]
[White "Isajevsky, Anton"]
[Black "Faizrakhmanov, Ramil"]
[Result "1/2-1/2"]
[WhiteElo "2427"]
[BlackElo "2290"]
[PlyCount "104"]
[EventDate "2012.??.??"]

1. d4 Nf6 2. g3 d5 3. Nf3 c6 4. Bg2 Bf5 5. Nh4 Bg6 6. Nxg6 hxg6 7. Nd2 e6 8. c3
Nbd7 9. Qb3 Qc7 10. e4 dxe4 11. Nxe4 Nxe4 12. Bxe4 Bd6 13. Be3 Nf6 14. Bf3 Nd5
15. Bd2 Ne7 16. h4 O-O-O 17. O-O-O Nf5 18. Rhe1 Rd7 19. Be4 Kb8 20. Kb1 Ka8 21.
Bc1 Be7 22. h5 Rxh5 23. g4 Rh2 24. gxf5 gxf5 25. Bxf5 exf5 26. Qxf7 Bd8 27.
Qxf5 Rf7 28. Qe5 Rhxf2 29. Qxc7 Bxc7 30. Re8+ Bb8 31. Rg1 Rf1 32. Rxf1 Rxf1 33.
Kc2 b5 34. a3 Rf7 35. b3 Kb7 36. Kd3 Bc7 37. c4 bxc4+ 38. bxc4 Rd7 39. Ke4 Bd8
40. Bf4 Re7+ 41. Rxe7+ Bxe7 42. Kf5 Bxa3 43. Be5 Bb2 44. c5 Kc8 45. Bxg7 Kd7
46. Be5 Bc3 47. Ke4 Ke6 48. Kd3 Be1 49. Kc4 Ba5 50. Bg7 Be1 51. Bh6 Ba5 52. Be3
a6 1/2-1/2

[Event "34 R.G.Nezhmetdinov Cup"]
[Site "Êàçàíü, "]
[Date "2012.10.02"]
[Round "7.14"]
[White "Shurakov, Denis"]
[Black "Vlasenko, Miroslav"]
[Result "0-1"]
[WhiteElo "2280"]
[BlackElo "2400"]
[PlyCount "66"]
[EventDate "2012.??.??"]

1. Nf3 Nc6 2. e4 e6 3. d4 d5 4. Nbd2 Nf6 5. e5 Nd7 6. c4 dxc4 7. Nxc4 Nb6 8.
Nxb6 axb6 9. Bc4 Bb4+ 10. Bd2 Bxd2+ 11. Qxd2 Ne7 12. O-O Bd7 13. Ne1 Bc6 14.
Nc2 O-O 15. Ne3 Nd5 16. Rac1 Nf4 17. Rfd1 Qg5 18. Bf1 Bf3 19. h4 Qg6 20. Re1
Bc6 21. b4 b5 22. g3 f5 23. exf6 Rxf6 24. Rc5 h6 25. Kh2 Raf8 26. Rc2 Nh5 27.
g4 Qe4 28. d5 Bxd5 29. Ng2 Qxg4 30. Re3 c6 31. Qe2 Bf3 32. Qe1 Rg6 33. Rxf3
Rxf3 0-1

[Event "34 R.G.Nezhmetdinov Cup"]
[Site "Êàçàíü, "]
[Date "2012.10.02"]
[Round "7.15"]
[White "Makhmutov, Rail"]
[Black "Sarana, Alexey"]
[Result "1/2-1/2"]
[WhiteElo "2399"]
[BlackElo "2118"]
[PlyCount "128"]
[EventDate "2012.??.??"]

1. d4 Nf6 2. c4 e6 3. Nc3 Bb4 4. Qc2 d5 5. cxd5 exd5 6. Bg5 h6 7. Bh4 c5 8.
dxc5 g5 9. Bg3 Ne4 10. O-O-O Bxc3 11. f3 Bd2+ 12. Rxd2 Nxd2 13. Qxd2 Nc6 14. e3
Qa5 15. Qxa5 Nxa5 16. b3 Bd7 17. Bd6 b6 18. cxb6 axb6 19. Kb2 f6 20. Ne2 Bb5
21. Bc7 Kd7 22. Bxb6 Rhb8 23. Bxa5 Rxa5 24. Nd4 Bc4 25. g3 Bxf1 26. Rxf1 h5 27.
a3 Rba8 28. a4 Rc5 29. h3 Re8 30. Re1 Rb8 31. Ra1 Re8 32. Re1 Rb8 33. Re2 Rbc8
34. Nc2 f5 35. Rd2 Ke6 36. Nb4 Ra8 37. Nd3 Rca5 38. b4 Rxa4 39. Nc5+ Ke5 40.
Nxa4 Rxa4 41. Rd4 Ra8 42. b5 h4 43. f4+ gxf4 44. gxf4+ Kd6 45. Rb4 Kc5 46. Rb3
Kb6 47. Kc3 Ra4 48. Rb4 Ra1 49. Kd4 Rh1 50. Kxd5 Rxh3 51. Ke5 Rxe3+ 52. Kxf5
Rg3 53. Rb2 h3 54. Rh2 Kxb5 55. Ke6 Re3+ 56. Kd5 Kb6 57. Kd6 Rd3+ 58. Ke6 Re3+
59. Kf6 Kc6 60. f5 Kd5 61. Kg7 Rg3+ 62. Kf7 Ke5 63. f6 Rf3 64. Re2+ Kf4 1/2-1/2

[Event "34 R.G.Nezhmetdinov Cup"]
[Site "Êàçàíü, "]
[Date "2012.10.02"]
[Round "7.16"]
[White "Severina, Maria"]
[Black "Gerasimov, Ivan"]
[Result "0-1"]
[WhiteElo "2173"]
[BlackElo "2330"]
[PlyCount "98"]
[EventDate "2012.??.??"]

1. d4 Nf6 2. c4 e6 3. Nf3 b6 4. g3 Bb7 5. Bg2 Be7 6. O-O O-O 7. Nc3 Ne4 8. Qc2
Nxc3 9. Qxc3 f5 10. b3 Bf6 11. Bb2 d6 12. Qd2 Be4 13. Ne1 Bxg2 14. Nxg2 Nd7 15.
d5 Bxb2 16. Qxb2 e5 17. f4 Qe8 18. fxe5 dxe5 19. Qc2 Qh5 20. e4 f4 21. gxf4
exf4 22. Rxf4 Rxf4 23. Nxf4 Qg4+ 24. Ng2 Re8 25. Re1 Ne5 26. Qe2 Nf3+ 27. Kh1
g5 28. Rf1 Nxh2 29. Qxg4 Nxg4 30. Ne1 Rxe4 31. Nd3 Kg7 32. Nb4 Re2 33. Nc6 Nf2+
34. Kg2 Nd3+ 35. Kf3 Re8 36. Nxa7 h5 37. Nb5 g4+ 38. Kg3 Re3+ 39. Kg2 Re2+ 40.
Kg3 Re3+ 41. Kg2 h4 42. Nd4 Kg6 43. Rf8 Re4 44. Ne6 Re2+ 45. Kg1 Re1+ 46. Rf1
Rxf1+ 47. Kxf1 h3 48. Nxc7 Ne1 49. Kg1 g3 0-1

[Event "34 R.G.Nezhmetdinov Cup"]
[Site "Êàçàíü, "]
[Date "2012.10.02"]
[Round "7.17"]
[White "Yuzhakov, Oleg"]
[Black "Yeletsky, Ivan"]
[Result "1-0"]
[WhiteElo "2325"]
[BlackElo "2099"]
[PlyCount "81"]
[EventDate "2012.??.??"]

1. e4 e5 2. Nf3 Nc6 3. Bb5 Nf6 4. d4 exd4 5. e5 Ne4 6. O-O a6 7. Bxc6 dxc6 8.
Re1 Nc5 9. Qxd4 Bf5 10. Qc3 Ne6 11. Be3 Be7 12. Nbd2 O-O 13. Nb3 Be4 14. Rad1
Bd5 15. Nfd4 Nxd4 16. Nxd4 Qc8 17. Qd3 Qg4 18. f3 Qg6 19. Nf5 Bb4 20. c3 Bxf3
21. Nh4 Qxd3 22. Rxd3 Bxc3 23. Rxc3 Bg4 24. Nf3 Rfe8 25. Bg5 a5 26. h3 Be6 27.
a4 Bd5 28. Bh4 Ra6 29. Bf2 h6 30. Nd2 Re6 31. Rg3 Kh7 32. Nb1 Ra8 33. Nc3 Bc4
34. b3 Ba6 35. Re4 Rg8 36. Rf4 Re7 37. Rgf3 Kg6 38. Bh4 Rd7 39. Ne4 Rb8 40. Nc5
Rd1+ 41. Kh2 1-0

[Event "34 R.G.Nezhmetdinov Cup"]
[Site "Êàçàíü, "]
[Date "2012.10.02"]
[Round "7.18"]
[White "Toropov, Pavel"]
[Black "Demianjuk, Alexander"]
[Result "0-1"]
[WhiteElo "2261"]
[BlackElo "2324"]
[PlyCount "98"]
[EventDate "2012.??.??"]

1. e4 c5 2. Nf3 d6 3. Bb5+ Nd7 4. d4 cxd4 5. Qxd4 a6 6. Bxd7+ Bxd7 7. Nc3 e5 8.
Qd3 h6 9. Be3 Nf6 10. O-O-O Rc8 11. Rhe1 Qc7 12. Kb1 Be7 13. Nh4 O-O 14. Nf5
Bxf5 15. exf5 d5 16. Nxd5 Nxd5 17. Qxd5 Qxc2+ 18. Ka1 Qxf5 19. Qxb7 Bf6 20. Qf3
Qxf3 21. gxf3 Rc4 22. Rd6 e4 23. fxe4 Rb8 24. Re2 Rxe4 25. Rxa6 Rh4 26. a3 Rxh2
27. Ka2 Re8 28. a4 Rh4 29. b3 Rh1 30. Rxf6 gxf6 31. a5 h5 32. Rc2 Rd1 33. Rc4
Ra8 34. b4 Kh7 35. Bb6 Kg6 36. Kb3 Kg5 37. Be3+ Kf5 38. Ka4 Rb1 39. Bb6 Kg5 40.
Be3+ Kf5 41. Bb6 Kg5 42. Bc7 h4 43. Kb5 h3 44. Bg3 Rh8 45. a6 h2 46. Bxh2 Rxh2
47. a7 Ra1 48. Kb6 f5 49. Rc5 Rh6+ 0-1

[Event "34 R.G.Nezhmetdinov Cup"]
[Site "Êàçàíü, "]
[Date "2012.10.02"]
[Round "7.19"]
[White "Arslanov, Shamil"]
[Black "Zlachevskiy, Leonid"]
[Result "1-0"]
[WhiteElo "2416"]
[BlackElo "2124"]
[PlyCount "38"]
[EventDate "2012.??.??"]

1. e4 e5 2. Nf3 d6 3. d4 Nf6 4. Nc3 Nbd7 5. g4 Nxg4 6. Rg1 exd4 7. Nxd4 Nge5 8.
Bg5 Nf6 9. Bxf6 gxf6 10. Qh5 c6 11. O-O-O Bd7 12. f4 Ng6 13. Bc4 Qc7 14. Bxf7+
Kxf7 15. f5 Bh6+ 16. Qxh6 Rag8 17. fxg6+ hxg6 18. Qf4 Bh3 19. Nf3 Qe7 1-0

[Event "34 R.G.Nezhmetdinov Cup"]
[Site "Êàçàíü, "]
[Date "2012.10.02"]
[Round "7.21"]
[White "Ivanov, Oleg"]
[Black "Nizamov, Bulat"]
[Result "1-0"]
[WhiteElo "2177"]
[BlackElo "1901"]
[PlyCount "87"]
[EventDate "2012.??.??"]

1. d4 d5 2. Nf3 Nf6 3. c4 c6 4. Nc3 e6 5. e3 Nbd7 6. Qc2 Bd6 7. g4 h6 8. h3 a6
9. Rg1 dxc4 10. g5 Nd5 11. Bxc4 b5 12. Bb3 hxg5 13. Nxg5 Nb4 14. Qb1 Nf8 15.
Qe4 Bb7 16. a3 Nd5 17. Nxd5 cxd5 18. Qg4 Qf6 19. f4 g6 20. Bd2 Qe7 21. Rc1 Nd7
22. Bc2 Nf6 23. Qg2 Rg8 24. Bd3 Rc8 25. Rxc8+ Bxc8 26. Ke2 Bb7 27. Rc1 Kd7 28.
b4 Rc8 29. Rxc8 Kxc8 30. Be1 Nh5 31. Qg4 Nf6 32. Qh4 Qf8 33. Nf3 Ne4 34. Qh7
Nf6 35. Qh4 Ne4 36. Qg4 Nf6 37. Qg2 Qe7 38. Bh4 a5 39. Ne5 axb4 40. axb4 Qd8
41. Nxf7 Qf8 42. Nxd6+ Qxd6 43. Bxb5 Qxb4 44. Qxg6 1-0

[Event "34 R.G.Nezhmetdinov Cup"]
[Site "Êàçàíü, "]
[Date "2012.10.02"]
[Round "7.22"]
[White "Murtazin, Bulat"]
[Black "Shaydullina, Sandugach"]
[Result "0-1"]
[WhiteElo "2012"]
[BlackElo "2162"]
[PlyCount "148"]
[EventDate "2012.??.??"]

1. d4 d5 2. c4 c6 3. Nc3 Nf6 4. e3 e6 5. Nf3 Nbd7 6. Bd2 Bd6 7. Bd3 O-O 8. O-O
dxc4 9. Bxc4 e5 10. Bb3 h6 11. Qc2 Re8 12. h3 e4 13. Ne1 b6 14. f3 Ba6 15. fxe4
Bxf1 16. Kxf1 Nh5 17. Nf3 Ng3+ 18. Kf2 Qf6 19. e5 Nxe5 20. dxe5 Bxe5 21. Kg1
Bd6 22. Re1 Rad8 23. e4 Bb8 24. Nd1 Qg6 25. Nf2 Bd6 26. e5 Qxc2 27. Bxc2 Bxe5
28. Rxe5 Rxe5 29. Nxe5 Rxd2 30. Bb3 Rxb2 31. Nxc6 a5 32. Ne5 Rb1+ 33. Nd1 b5
34. Kf2 Ne4+ 35. Ke3 Nd6 36. Kd2 a4 37. Bd5 Rb4 38. Nc6 Rf4 39. Ke3 g5 40. a3
Kf8 41. Kd3 Rf1 42. Nc3 Ra1 43. Kc2 Rf1 44. Nb4 f5 45. Kd3 Ra1 46. Nc2 Rc1 47.
Bf3 Rg1 48. Ne2 Rb1 49. Ned4 Nc4 50. Be2 Nd6 51. Bf3 Rg1 52. Kc3 g4 53. hxg4
fxg4 54. Bxg4 Rxg2 55. Bf3 Rg1 56. Kb4 Ke7 57. Ne3 Rb1+ 58. Kc5 Rc1+ 59. Kb4
Kf6 60. Nec2 Ke5 61. Kc5 Nf5 62. Nxf5 Rxc2+ 63. Kxb5 Kxf5 64. Kxa4 Rb2 65. Bh5
Ke5 66. Ka5 Kd6 67. a4 Kc7 68. Ka6 Kb8 69. a5 Rb3 70. Be2 Rb4 71. Bf3 Rf4 72.
Be2 h5 73. Kb6 h4 74. a6 Rf6+ 0-1

[Event "34 R.G.Nezhmetdinov Cup"]
[Site "Êàçàíü, "]
[Date "2012.10.02"]
[Round "7.23"]
[White "Elistratov, Semen"]
[Black "Glukhov, Alexander"]
[Result "0-1"]
[WhiteElo "2000"]
[BlackElo "2150"]
[PlyCount "72"]
[EventDate "2012.??.??"]

1. e4 c5 2. Nf3 g6 3. c4 Bg7 4. d4 cxd4 5. Nxd4 Nc6 6. Be3 Nf6 7. Nc3 O-O 8.
Be2 d6 9. O-O Bd7 10. Qd2 Nxd4 11. Bxd4 Bc6 12. f3 Nd7 13. b4 Bxd4+ 14. Qxd4
Qb6 15. Qxb6 Nxb6 16. e5 Na4 17. Nxa4 Bxa4 18. exd6 exd6 19. Rac1 Rac8 20. Rc3
b5 21. Ra3 Rfe8 22. Kf2 d5 23. cxd5 Rc2 24. Re3 Rd8 25. Rd3 Rxa2 26. Rc1 Rb2
27. d6 Bb3 28. Rc7 Bc4 29. d7 Bxd3 30. Rc8 Rxe2+ 31. Kg3 Kf8 32. Rxd8+ Ke7 33.
Rf8 Kxd7 34. Rxf7+ Re7 35. Rf4 Bc4 36. Rd4+ Kc6 0-1

[Event "34 R.G.Nezhmetdinov Cup"]
[Site "Êàçàíü, "]
[Date "2012.10.02"]
[Round "7.24"]
[White "Jusupov, Tabris"]
[Black "Merkushev, Dmitry"]
[Result "0-1"]
[WhiteElo "1954"]
[BlackElo "2130"]
[PlyCount "82"]
[EventDate "2012.??.??"]

1. d4 d6 2. c4 e5 3. d5 f5 4. Nc3 Nf6 5. g3 g6 6. e4 Bg7 7. Bg2 O-O 8. Nge2
fxe4 9. Nxe4 Nxe4 10. Bxe4 Nd7 11. O-O Nc5 12. Bg2 a5 13. Nc3 Bf5 14. Na4 Nxa4
15. Qxa4 Qe8 16. Qxe8 Rfxe8 17. Re1 a4 18. Be4 b5 19. a3 bxc4 20. Bd2 Rab8 21.
Bb4 Rb5 22. Rac1 c5 23. dxc6 Bxe4 24. Rxe4 d5 25. Re2 Rc8 26. Bc3 e4 27. Bxg7
Kxg7 28. f3 exf3 29. Re7+ Kf6 30. Rxh7 Rxc6 31. Rd7 Ke6 32. Rg7 Rxb2 33. Rxg6+
Kd7 34. Rg7+ Kd6 35. Rc3 Rb3 36. Rc2 c3 37. Rc1 d4 38. Rg4 Kd5 39. Kf2 d3 40.
Ke3 d2 41. Rf1 Re6+ 0-1

[Event "34 R.G.Nezhmetdinov Cup"]
[Site "Êàçàíü, "]
[Date "2012.10.02"]
[Round "7.25"]
[White "Sazonova, Anastasia"]
[Black "Malygin, Alexander"]
[Result "1-0"]
[WhiteElo "2067"]
[BlackElo "2200"]
[PlyCount "105"]
[EventDate "2012.??.??"]

1. e4 d6 2. d4 Nf6 3. Nc3 Nbd7 4. Nge2 e5 5. g3 Be7 6. Bg2 O-O 7. O-O c6 8. a4
Re8 9. h3 Bf8 10. Be3 Qc7 11. g4 g6 12. Ng3 Rd8 13. f4 exd4 14. Bxd4 Ne8 15. f5
Ne5 16. Qe2 a5 17. Qf2 Qe7 18. f6 Qe6 19. Bb6 Rd7 20. b3 Nc7 21. Nge2 Qe8 22.
Rad1 Ne6 23. Be3 Nc5 24. Qg3 b6 25. h4 Rd8 26. Bh3 Ra7 27. h5 Rc7 28. Bf4 Ncd7
29. Qh4 Ra7 30. Kh1 Rb7 31. Ng1 Kh8 32. Qg3 Ra7 33. Rd2 Ba6 34. Rfd1 Rb8 35.
Nf3 Kg8 36. Nxe5 dxe5 37. Bg5 Nc5 38. Be3 Raa8 39. hxg6 fxg6 40. g5 Rd8 41.
Rxd8 Rxd8 42. Rxd8 Qxd8 43. Qxe5 Bd6 44. Qd4 Qc7 45. Qd2 Bc8 46. Qg2 Ne6 47.
Ne2 Be5 48. c3 c5 49. Qf3 Qd6 50. Kg2 Qd1 51. c4 Qxb3 52. f7+ Kf8 53. Bxe6 1-0

[Event "34 R.G.Nezhmetdinov Cup"]
[Site "Êàçàíü, "]
[Date "2012.10.02"]
[Round "7.26"]
[White "Trapeznikova, Darya"]
[Black "Charochkina, Daria"]
[Result "0-1"]
[WhiteElo "2069"]
[BlackElo "2366"]
[PlyCount "32"]
[EventDate "2012.??.??"]

1. d4 Nf6 2. c4 g6 3. Nc3 d5 4. e3 Bg7 5. Nf3 O-O 6. b4 a5 7. b5 c5 8. bxc6
Nxc6 9. Qb3 a4 10. Nxa4 dxc4 11. Qxc4 Be6 12. Qb5 Ra5 13. Qxb7 Bd5 14. Nc3 Nxd4
15. Nxd5 Nc2+ 16. Ke2 Nxd5 0-1

[Event "34 R.G.Nezhmetdinov Cup"]
[Site "Êàçàíü, "]
[Date "2012.10.02"]
[Round "7.27"]
[White "Mirzanurov, Bulat"]
[Black "Shkuro, Alexandr"]
[Result "1-0"]
[WhiteElo "2208"]
[BlackElo "2030"]
[PlyCount "61"]
[EventDate "2012.??.??"]

1. d4 e6 2. c4 Nf6 3. Nc3 Bb4 4. f3 O-O 5. e4 d6 6. Bd3 e5 7. d5 c6 8. Nge2
cxd5 9. cxd5 Qb6 10. Bg5 Nbd7 11. Qd2 h6 12. Bh4 a6 13. a3 Bxc3 14. Nxc3 Nc5
15. Bc2 Nb3 16. Bxb3 Qxb3 17. Bxf6 gxf6 18. O-O Kh7 19. f4 Qb6+ 20. Kh1 Qd4 21.
Qe1 Rg8 22. Rd1 Qb6 23. Rd2 Bd7 24. Qh4 Rg6 25. fxe5 dxe5 26. Rdf2 Kg7 27. d6
Qxd6 28. Nd5 Rg4 29. Qxf6+ Qxf6 30. Nxf6 Rf4 31. Rxf4 1-0

[Event "34 R.G.Nezhmetdinov Cup"]
[Site "Êàçàíü, "]
[Date "2012.10.02"]
[Round "7.28"]
[White "Rumiantseva, Ksenia"]
[Black "Bakunin, Damir"]
[Result "1/2-1/2"]
[WhiteElo "1913"]
[BlackElo "2024"]
[PlyCount "81"]
[EventDate "2012.??.??"]

1. e4 c5 2. Nf3 e6 3. d4 cxd4 4. Nxd4 Nf6 5. Nc3 Nc6 6. Ndb5 Bb4 7. a3 Bxc3+ 8.
Nxc3 d5 9. exd5 exd5 10. Bd3 O-O 11. O-O d4 12. Ne4 Bf5 13. Bg5 Bxe4 14. Bxe4
h6 15. Bxf6 Qxf6 16. Qf3 Qxf3 17. Bxf3 Rac8 18. Rad1 Rfd8 19. Rd2 Ne5 20. Be2
Rc5 21. c3 d3 22. f4 Nc4 23. Rxd3 Rxd3 24. Bxd3 Nxb2 25. Be4 b6 26. Rb1 Nc4 27.
Rd1 Kf8 28. Rd7 Nxa3 29. Rxa7 Nb5 30. Rb7 Nxc3 31. Bd3 Rc6 32. Kf2 g6 33. Kf3
Kg7 34. f5 gxf5 35. Bxf5 Rf6 36. g4 h5 37. h3 hxg4+ 38. hxg4 Rc6 39. g5 Kf8 40.
Rb8+ Kg7 41. Rb7 1/2-1/2

[Event "34 R.G.Nezhmetdinov Cup"]
[Site "Êàçàíü, "]
[Date "2012.10.03"]
[Round "8.2"]
[White "Ibragimov, Ildar"]
[Black "Dvoirys, Semen I"]
[Result "1/2-1/2"]
[WhiteElo "2546"]
[BlackElo "2533"]
[PlyCount "131"]
[EventDate "2012.??.??"]

1. d4 Nf6 2. c4 e6 3. Nf3 b6 4. g3 Ba6 5. b3 d5 6. cxd5 exd5 7. Bg2 Bd6 8. O-O
O-O 9. Nc3 Nbd7 10. Re1 Re8 11. Bb2 Rc8 12. Nd2 c5 13. Nxd5 Nxd5 14. Bxd5 Nf6
15. Bf3 cxd4 16. Bxd4 Bxg3 17. Bxf6 Bxh2+ 18. Kxh2 Qxf6 19. Nf1 Rcd8 20. Qc2
Rxe2 21. Rxe2 Bxe2 22. Qxe2 Qxa1 23. Bd5 Qd4 24. Bc4 g6 25. Kg2 Kg7 26. a4 h5
27. Qe7 Rd7 28. Qe8 Qg4+ 29. Ng3 h4 30. Be2 Qd4 31. Ne4 Rd5 32. Bc4 Rf5 33. Qe7
Rf4 34. f3 h3+ 35. Kg3 Rf5 36. Kxh3 Rxf3+ 37. Kg2 Rf4 38. Ng3 Rf2+ 39. Kh3 Rf3
40. Qc7 Qe3 41. Kg4 Rf2 42. Kh3 a6 43. Bd5 Rf5 44. Be4 Rh5+ 45. Kg2 Rg5 46. Bb7
Qxb3 47. Bxa6 Qxa4 48. Qc3+ Kh7 49. Qf6 Qa2+ 50. Kh3 Qe6+ 51. Qxe6 fxe6 52. Ne4
Re5 53. Bd3 b5 54. Kg4 b4 55. Kf4 Rf5+ 56. Ke3 Kh6 57. Bc4 e5 58. Nf2 Rf4 59.
Ba2 Kg5 60. Nd3 Kf5 61. Bb1 Rf1 62. Bc2 b3 63. Bxb3 e4 64. Nf2 Re1+ 65. Kd2 Ra1
66. Nxe4 1/2-1/2

[Event "34 R.G.Nezhmetdinov Cup"]
[Site "Êàçàíü, "]
[Date "2012.10.03"]
[Round "8.3"]
[White "Vorobiov, Evgeny E"]
[Black "Grigoriants, Sergey"]
[Result "1/2-1/2"]
[WhiteElo "2594"]
[BlackElo "2578"]
[PlyCount "53"]
[EventDate "2012.??.??"]

1. c4 c5 2. Nf3 Nc6 3. Nc3 g6 4. e3 Nf6 5. d4 cxd4 6. exd4 d5 7. cxd5 Nxd5 8.
Qb3 e6 9. Bb5 Bg7 10. Bg5 Qb6 11. Qa3 f6 12. Nxd5 exd5 13. Bxc6+ bxc6 14. O-O
Kf7 15. Rfe1 Bf8 16. Qe3 fxg5 17. Qe8+ Kg7 18. Re7+ Bxe7 19. Qxe7+ Kg8 20. Re1
Bf5 21. Nxg5 Rf8 22. Ne6 Bxe6 23. Qxe6+ Rf7 24. Qe8+ Rf8 25. Qe6+ Rf7 26. Qe8+
Rf8 27. Qe6+ 1/2-1/2

[Event "34 R.G.Nezhmetdinov Cup"]
[Site "Êàçàíü, "]
[Date "2012.10.03"]
[Round "8.4"]
[White "Sadykov, Ramil"]
[Black "Burmakin, Vladimir"]
[Result "1/2-1/2"]
[WhiteElo "2234"]
[BlackElo "2596"]
[PlyCount "100"]
[EventDate "2012.??.??"]

1. e4 c6 2. d4 d5 3. e5 Bf5 4. Nc3 a6 5. Nce2 e6 6. Ng3 Bg6 7. h4 h6 8. h5 Bh7
9. Bd3 Bxd3 10. Qxd3 c5 11. Be3 cxd4 12. Bxd4 Qa5+ 13. c3 Nc6 14. N3e2 Qb5 15.
O-O-O Qxd3 16. Rxd3 Nge7 17. f4 Nxd4 18. Nxd4 Nc6 19. Nge2 Be7 20. Rhh3 Rc8 21.
Nxc6 bxc6 22. c4 f6 23. Nd4 fxe5 24. fxe5 Bg5+ 25. Kc2 O-O 26. Rhf3 Rfe8 27. c5
a5 28. Ra3 Ra8 29. Rab3 Ra7 30. Rb6 Rc8 31. Nxe6 Re7 32. Nd4 Rxe5 33. Rxc6 Rxc6
34. Nxc6 Re2+ 35. Kb3 Bf6 36. Ka4 Rxb2 37. a3 Rc2 38. Kb5 Kf7 39. Nxa5 Ke6 40.
Nc6 Rxg2 41. Nb4 Rb2 42. c6 Kd6 43. Rf5 d4 44. Kb6 Bd8+ 45. Kb7 Ke6 46. Rf8 Ba5
47. c7 Bxc7 48. Kxc7 Rb3 49. Nc6 Rxa3 50. Nxd4+ Ke7 1/2-1/2

[Event "34 R.G.Nezhmetdinov Cup"]
[Site "Êàçàíü, "]
[Date "2012.10.03"]
[Round "8.5"]
[White "Loskutov, Oleg"]
[Black "Frolyanov, Dmitry"]
[Result "1/2-1/2"]
[WhiteElo "2422"]
[BlackElo "2560"]
[PlyCount "124"]
[EventDate "2012.??.??"]

1. e4 c5 2. Nf3 d6 3. d4 cxd4 4. Nxd4 Nf6 5. Nc3 e6 6. Be2 Be7 7. O-O O-O 8. f4
Nc6 9. Be3 a6 10. Qe1 Nxd4 11. Bxd4 b5 12. a3 Bb7 13. Bd3 Nd7 14. Rd1 e5 15.
Be3 exf4 16. Bxf4 Ne5 17. Bxb5 Bh4 18. g3 Bf6 19. Be2 Qb6+ 20. Kg2 Rac8 21. Bd2
Rfe8 22. h4 Nc4 23. Bxc4 Rxc4 24. Qf2 Bxe4+ 25. Nxe4 Qc6 26. Bc3 Rcxe4 27. Kh3
Re2 28. Qf3 Qc8+ 29. Qf5 Bxc3 30. Qxc8 Rxc8 31. bxc3 Rxc3 32. Rxd6 h5 33. Rd8+
Kh7 34. Rf5 f6 35. Rxh5+ Kg6 36. Ra5 Rcxc2 37. Rd3 Rc6 38. h5+ Kh6 39. Rd8 Kh7
40. Rd3 Rf2 41. Kg4 Rh2 42. Re3 Kh6 43. Re8 Kh7 44. Re3 Rhc2 45. Rd5 R2c4+ 46.
Kh3 R6c5 47. Rxc5 Rxc5 48. g4 Ra5 49. Rf3 Kh6 50. Rd3 Kg5 51. Kg3 f5 52. gxf5
Kxf5 53. Kh4 Ra4+ 54. Kh3 Kg5 55. Rg3+ Kh6 56. Rg6+ Kh7 57. Rg3 Rc4 58. Rg4
Rc3+ 59. Rg3 Rc5 60. Kh4 Ra5 61. Rc3 Ra4+ 62. Kg5 Ra5+ 1/2-1/2

[Event "34 R.G.Nezhmetdinov Cup"]
[Site "Êàçàíü, "]
[Date "2012.10.03"]
[Round "8.6"]
[White "Yandemirov, Valeri"]
[Black "Onischuk, Vladimir"]
[Result "1/2-1/2"]
[WhiteElo "2398"]
[BlackElo "2547"]
[PlyCount "128"]
[EventDate "2012.??.??"]

1. e4 d6 2. d4 Nf6 3. Nc3 g6 4. Bc4 Bg7 5. Qe2 Nc6 6. e5 Nxd4 7. exf6 Nxe2 8.
fxg7 Rg8 9. Ngxe2 e6 10. h4 d5 11. h5 gxh5 12. Bh6 h4 13. g3 dxc4 14. Ne4 f6
15. Rd1 Qe7 16. Nf4 f5 17. Bg5 Qxg7 18. Nf6+ Kf7 19. Bxh4 Rh8 20. N6h5 Qe5+ 21.
Kd2 Qxb2 22. Bf6 Qb4+ 23. Kc1 Rg8 24. Ne2 e5 25. Bxe5 Qe7 26. Bc3 f4 27. Nhxf4
Bf5 28. Nd4 Bg6 29. Kb2 Qc5 30. Nde6 Qb5+ 31. Ka1 Bxc2 32. Rc1 Be4 33. Rhe1 Bf5
34. Nxc7 Qc6 35. Nxa8 Rxa8 36. Re5 Bd7 37. Rh5 h6 38. Rch1 Qf3 39. Re1 Qc6 40.
Reh1 Qf3 41. Rc1 Rf8 42. Rxh6 Bf5 43. Rd6 b5 44. Rd5 Be4 45. Rxb5 Rd8 46. Nh3
Kg6 47. Ng5 Rd1 48. Nxf3 Rxc1+ 49. Kb2 Rc2+ 50. Ka1 Rc1+ 51. Kb2 Rc2+ 52. Ka1
Rxc3 53. Ne5+ Kg7 54. Rc5 Rc1+ 55. Kb2 Rc2+ 56. Ka3 Rxf2 57. Rc7+ Kg8 58. Rc8+
Kg7 59. Rc7+ Kg8 60. Ng4 Rf3+ 61. Kb4 Bb1 62. Ne5 Rxg3 63. Nxc4 Bxa2 64. Rxa7
Bxc4 1/2-1/2

[Event "34 R.G.Nezhmetdinov Cup"]
[Site "Êàçàíü, "]
[Date "2012.10.03"]
[Round "8.8"]
[White "Chigaev, Maksim"]
[Black "Predke, Alexandr"]
[Result "1/2-1/2"]
[WhiteElo "2456"]
[BlackElo "2496"]
[PlyCount "144"]
[EventDate "2012.??.??"]

1. e4 e5 2. Nf3 Nc6 3. d4 exd4 4. Nxd4 Nf6 5. Nxc6 bxc6 6. Bd3 d5 7. exd5 cxd5
8. O-O Be7 9. Re1 O-O 10. Bg5 Rb8 11. b3 h6 12. Bh4 Bg4 13. Qd2 Be6 14. Nc3 c5
15. Bg3 Rb4 16. Ba6 Rb6 17. Bf1 Bd6 18. Na4 Rb7 19. Bxd6 Qxd6 20. Qa5 Rc7 21.
h3 Bd7 22. Rad1 Bxa4 23. Qxa4 Re7 24. Rxe7 Qxe7 25. Qa5 Re8 26. Bb5 Rb8 27. Bd3
Rb6 28. Re1 Re6 29. Rxe6 fxe6 30. Bg6 Nh7 31. c4 dxc4 32. bxc4 Nf8 33. Bd3 Qd6
34. Bf1 a6 35. Qa4 Nd7 36. Qb3 Kf7 37. Qb7 Ke7 38. Qe4 Qd2 39. Qc6 a5 40. a4
Qb4 41. g3 Qb6 42. Qe4 Nf6 43. Qg6 Ne8 44. Qe4 Qd6 45. Qb7+ Qd7 46. Qb6 Qc7 47.
Qb2 Qc6 48. Qb3 Nf6 49. Bg2 Qc7 50. g4 g5 51. Qf3 Kf7 52. Qd3 Nd7 53. Qb3 Ne5
54. Be4 Qd6 55. Qb7+ Kf6 56. Qa8 Qd4 57. Kg2 Kg7 58. Qa7+ Kf6 59. Qa8 Nf7 60.
Bc6 Qd8 61. Qa7 Ne5 62. Be4 Qd4 63. Qa8 Nf7 64. Bc6 Qd2 65. Bf3 Qb4 66. Bc6 Qb6
67. Bf3 Ke7 68. Bc6 Nd6 69. Bf3 Qb4 70. Qa7+ Kf6 71. Qc7 Nf7 72. Bc6 Qe1
1/2-1/2

[Event "34 R.G.Nezhmetdinov Cup"]
[Site "Êàçàíü, "]
[Date "2012.10.03"]
[Round "8.9"]
[White "Tunik, Gennady"]
[Black "Timofeev, Artyom"]
[Result "1-0"]
[WhiteElo "2456"]
[BlackElo "2640"]
[PlyCount "107"]
[EventDate "2012.??.??"]

1. d4 d5 2. c4 e6 3. Nf3 c6 4. Qc2 Nf6 5. Bg5 h6 6. Bh4 dxc4 7. Qxc4 b5 8. Qc2
Bb7 9. Nbd2 Nbd7 10. e4 Qb6 11. a4 a6 12. axb5 axb5 13. Rxa8+ Bxa8 14. Bd3 c5
15. O-O Be7 16. Rc1 O-O 17. e5 c4 18. exf6 cxd3 19. Qc7 Qxc7 20. Rxc7 Bxf6 21.
Rxd7 Rc8 22. h3 Bxh4 23. Nxh4 g5 24. d5 Bxd5 25. Nf5 Rc1+ 26. Kh2 Rc2 27. Ne7+
Kf8 28. Nxd5 Rxd2 29. Nc3 Rxb2 30. Ne4 b4 31. Rxd3 f5 32. Nc5 Rxf2 33. Nxe6+
Ke7 34. Nd4 f4 35. Nf5+ Ke6 36. Nxh6 f3 37. Kg3 Rxg2+ 38. Kxf3 Rh2 39. Ke4 Re2+
40. Kd4 Rc2 41. Re3+ Kf6 42. Ng4+ Kf5 43. Rf3+ Kg6 44. Rf6+ Kg7 45. Rb6 Rb2 46.
Ke4 Rb3 47. Nf2 Rb1 48. Kf3 b3 49. Kg2 Rb2 50. Kg3 Rb1 51. Ne4 b2 52. Nd2 Rg1+
53. Kf2 Ra1 54. Rxb2 1-0